<?xml version="1.0" encoding="UTF-8"?>
<record
    xmlns:xsi="http://www.w3.org/2001/XMLSchema-instance"
    xsi:schemaLocation="http://www.loc.gov/MARC21/slim http://www.loc.gov/standards/marcxml/schema/MARC21slim.xsd"
    xmlns="http://www.loc.gov/MARC21/slim">

  <leader>01046cam a22002895a 4500</leader>
  <controlfield tag="001">17562701</controlfield>
  <controlfield tag="005">20151013102443.0</controlfield>
  <controlfield tag="006">a||||f ||z  00| 0</controlfield>
  <controlfield tag="008">121214t2013    caua   frb    001 0 eng d</controlfield>
  <datafield tag="020" ind1=" " ind2=" ">
    <subfield code="a">9780321834737</subfield>
  </datafield>
  <datafield tag="020" ind1=" " ind2=" ">
    <subfield code="a">0321834739</subfield>
  </datafield>
  <datafield tag="040" ind1=" " ind2=" ">
    <subfield code="a">BTCTA</subfield>
    <subfield code="b">eng</subfield>
    <subfield code="c">BTCTA</subfield>
    <subfield code="d">YDXCP</subfield>
    <subfield code="d">NDD</subfield>
    <subfield code="d">OMB</subfield>
    <subfield code="d">MYG</subfield>
    <subfield code="d">TMI</subfield>
    <subfield code="d">ORU</subfield>
    <subfield code="d">TOH</subfield>
    <subfield code="d">DLC</subfield>
    <subfield code="d">EG-ScBUE</subfield>
  </datafield>
  <datafield tag="082" ind1="0" ind2="4">
    <subfield code="a">006.6</subfield>
    <subfield code="b">CAI</subfield>
    <subfield code="2">22</subfield>
  </datafield>
  <datafield tag="100" ind1="1" ind2=" ">
    <subfield code="a">Cairo, Alberto,</subfield>
    <subfield code="d">1974-</subfield>
    <subfield code="9">38337</subfield>
  </datafield>
  <datafield tag="245" ind1="1" ind2="4">
    <subfield code="a">The functional art :</subfield>
    <subfield code="b">an introduction to information graphics and visualization /</subfield>
    <subfield code="c">Alberto Cairo.</subfield>
  </datafield>
  <datafield tag="260" ind1=" " ind2=" ">
    <subfield code="a">Berkeley :</subfield>
    <subfield code="b">New Riders,</subfield>
    <subfield code="c">c.2013.</subfield>
  </datafield>
  <datafield tag="300" ind1=" " ind2=" ">
    <subfield code="a">xxi, 363 p. :</subfield>
    <subfield code="b">ill. (col.) ;</subfield>
    <subfield code="c">23 cm. +</subfield>
    <subfield code="e">1 DVD.</subfield>
  </datafield>
  <datafield tag="500" ind1=" " ind2=" ">
    <subfield code="a">"Includes a complete introductory information graphics video course"--Cover.</subfield>
  </datafield>
  <datafield tag="500" ind1=" " ind2=" ">
    <subfield code="a">Index : p. 354-363.</subfield>
  </datafield>
  <datafield tag="504" ind1=" " ind2=" ">
    <subfield code="a">Bibliography : p. 351-353.</subfield>
  </datafield>
  <datafield tag="650" ind1=" " ind2="7">
    <subfield code="a">Computer graphics.</subfield>
    <subfield code="2">BUEsh</subfield>
    <subfield code="9">3615</subfield>
  </datafield>
  <datafield tag="650" ind1=" " ind2="0">
    <subfield code="a">Charts, diagrams, etc.</subfield>
    <subfield code="x">Design.</subfield>
    <subfield code="2">BUEsh</subfield>
  </datafield>
  <datafield tag="650" ind1=" " ind2="0">
    <subfield code="a">Information visualization.</subfield>
    <subfield code="2">BUEsh</subfield>
  </datafield>
  <datafield tag="651" ind1=" " ind2=" ">
    <subfield code="2">BUEsh</subfield>
  </datafield>
  <datafield tag="653" ind1=" " ind2=" ">
    <subfield code="b">COMAME</subfield>
    <subfield code="c">June2015</subfield>
    <subfield code="c">August2015</subfield>
  </datafield>
  <datafield tag="942" ind1=" " ind2=" ">
    <subfield code="2">ddc</subfield>
  </datafield>
  <datafield tag="999" ind1=" " ind2=" ">
    <subfield code="c">19650</subfield>
    <subfield code="d">19622</subfield>
  </datafield>
  <datafield tag="952" ind1=" " ind2=" ">
    <subfield code="0">0</subfield>
    <subfield code="1">0</subfield>
    <subfield code="2">ddc</subfield>
    <subfield code="4">0</subfield>
    <subfield code="7">0</subfield>
    <subfield code="8">Alahram</subfield>
    <subfield code="a">MAIN</subfield>
    <subfield code="b">MAIN</subfield>
    <subfield code="c">LOW</subfield>
    <subfield code="d">2015-06-15</subfield>
    <subfield code="e">purchase</subfield>
    <subfield code="g">298.00</subfield>
    <subfield code="h">307</subfield>
    <subfield code="l">0</subfield>
    <subfield code="o">006.6 CAI</subfield>
    <subfield code="p">000038745</subfield>
    <subfield code="r">2025-07-15 00:00:00</subfield>
    <subfield code="v">372.50</subfield>
    <subfield code="y">BB</subfield>
  </datafield>
  <datafield tag="952" ind1=" " ind2=" ">
    <subfield code="0">0</subfield>
    <subfield code="1">0</subfield>
    <subfield code="2">ddc</subfield>
    <subfield code="4">0</subfield>
    <subfield code="7">0</subfield>
    <subfield code="8">Alahram</subfield>
    <subfield code="a">MAIN</subfield>
    <subfield code="b">MAIN</subfield>
    <subfield code="c">LOW</subfield>
    <subfield code="d">2015-08-13</subfield>
    <subfield code="e">purchase</subfield>
    <subfield code="g">298.00</subfield>
    <subfield code="h">307</subfield>
    <subfield code="l">0</subfield>
    <subfield code="o">006.6 CAI</subfield>
    <subfield code="p">000039690</subfield>
    <subfield code="r">2022-08-24 00:00:00</subfield>
    <subfield code="v">372.50</subfield>
    <subfield code="y">CDVDWBB</subfield>
  </datafield>
</record>
